Entry Personal Name
Number of records used in: 1
001 - CONTROL NUMBER
003 - CONTROL NUMBER IDENTIFIER
005 - DATE AND TIME OF LATEST TRANSACTION
- control field:
20230921162317.0
008 - FIXED-LENGTH DATA ELEMENTS
- fixed length control field:
800522n| azannaab |a aaa
010 ## - LIBRARY OF CONGRESS CONTROL NUMBER
- LC control number:
n 50011717
040 ## - CATALOGING SOURCE
- Original cataloging agency:
DLC
- Language of cataloging:
eng
- Description conventions:
rda
- Transcribing agency:
DLC
- Modifying agency:
DLC
046 ## - SPECIAL CODED DATES
- Birth date:
1934
- Death date:
2001
100 1# - HEADING--PERSONAL NAME
- Personal name:
Bhattacharyya, N. N.
- Fuller form of name:
(Narendra Nath),
- Dates associated with a name:
1934-2001
378 ## - FULLER FORM OF PERSONAL NAME
- Fuller form of personal name:
Narendra Nath
400 1# - SEE FROM TRACING--PERSONAL NAME
- Personal name:
Bhaṭṭācārya, Narendranātha,
- Dates associated with a name:
1934-2001
400 1# - SEE FROM TRACING--PERSONAL NAME
- Personal name:
Bhattacharyya, Narendra Nath,
- Dates associated with a name:
1934-2001
670 ## - SOURCE DATA FOUND
- Source citation:
Author's History of Indian cosmogonisal ideas, 1971.
670 ## - SOURCE DATA FOUND
- Source citation:
His History of the tantric religion, 1982:
- Information found:
t.p. (N.N. Bhattacharyya)
670 ## - SOURCE DATA FOUND
- Source citation:
Cultural index to Vedic literature, 2007:
- Information found:
t.p. (N.N. Bhattacharyya) jkt. (indologist; retd. prof., hist., Calcutta U.; d. 2001)
670 ## - SOURCE DATA FOUND
- Source citation:
A glossary of Indian religious terms and concepts, 1990:
- Information found:
t.p. (Narendra Nath Bhattacharyya)
670 ## - SOURCE DATA FOUND
- Source citation:
Information from 678 converted Dec. 19, 2014
- Information found:
(D.Phil.)